Causas económico-administrativas de los males actuales de España distintas de las que espone [sic] el Círculo de la Unión Mercantil de Madrid, y justificación de la balanza de comercio / (Record no. 154834)

MARC details
000 -LEADER
campo de control de longitud fija 01133nam a22002295i 4500
001 - NÚMERO DE CONTROL
campo de control 154834
003 - IDENTIFICADOR DE NÚMERO DE CONTROL
campo de control ES-MaACL
005 - FECHA Y HORA DE LA ÚLTIMA TRANSACCIÓN
campo de control 20230906205854.0
008 - DATOS DE LONGITUD FIJA--INFORMACIÓN GENERAL
campo de control de longitud fija 970416s1866 sp |||| | spa d
080 ## - NÚMERO DE LA CLASIFICACIÓN DECIMAL UNIVERSAL
Número de la Clasificación Decimal Universal 330.8(460)"18"
080 ## - NÚMERO DE LA CLASIFICACIÓN DECIMAL UNIVERSAL
Número de la Clasificación Decimal Universal 338.2(460)"18"
100 1# - ENTRADA PRINCIPAL--NOMBRE DE PERSONA
Nombre de persona Güell y Ferrer, Juan (
Fechas asociadas al nombre 1800-1872)
9 (RLIN) 127737
245 10 - MENCIÓN DEL TÍTULO
Título Causas económico-administrativas de los males actuales de España distintas de las que espone [sic] el Círculo de la Unión Mercantil de Madrid, y justificación de la balanza de comercio /
Mención de responsabilidad, etc. por D. Juan Güell y Ferrer, senador del Reino.
260 ## - PUBLICACIÓN, DISTRIBUCIÓN, ETC.
Lugar de publicación, distribución, etc. Barcelona :
Nombre del editor, distribuidor, etc. [s.n.],
Fecha de publicación, distribución, etc. 1866 (
Fabricante Estab. tip. de Narciso Ramírez y Comp.ª)
300 ## - DESCRIPCIÓN FÍSICA
Extensión 102 p. ;
Dimensiones 25 cm.
530 ## - NOTA DISPONIBLE DE FORMULARIO FÍSICO ADICIONAL
Nota de formato físico adicional disponible Disponible en formato digital.
650 #4 - PUNTO DE ACCESO ADICIONAL DE MATERIA--TÉRMINO DE MATERIA
Término de materia o nombre geográfico como elemento de entrada Economía-
Subdivisión geográfica España-
Subdivisión cronológica S.XIX.
9 (RLIN) 147869
651 #4 - PUNTO DE ACCESO ADICIONAL DE MATERIA--NOMBRE GEOGRÁFICO
Nombre geográfico España-
Subdivisión general Política económica-
Subdivisión cronológica S.XIX.
9 (RLIN) 147870
710 2# - ENTRADA AGREGADA--NOMBRE DE ENTIDAD CORPORATIVA
Nombre de entidad corporativa o nombre de jurisdicción como elemento de entrada Círculo de la Unión Mercantil (Madrid)
9 (RLIN) 134324
852 4# - LOCALIZACIÓN
Ubicación ES-MaACL
Número de control de estantería T-67-F-11
Nota libre - Enc. hol., falto de cub. original
-- - Enc. en un vol. facticio
856 4# - LOCALIZACIÓN Y ACCESO ELECTRÓNICOS
Identificador Uniforme de Recursos <a href="https://repositorio.bde.es/handle/123456789/4343 ">https://repositorio.bde.es/handle/123456789/4343 </a>
Nota pública Repositorio Institucional del Banco de España
Holdings
Estatus retirado Estado de pérdida Estado de daño No para préstamo Colección Biblioteca de origen Biblioteca actual Ubicación en estantería Fecha de adquisición Total de préstamos Signatura topográfica completa Código de barras Visto por última vez Precio de reemplazo Tipo de ítem Koha
        Colección de folletos Biblioteca del Ateneo de Madrid Biblioteca del Ateneo de Madrid Depósito folletos 17/01/2008   T-67-F-11 1161954 23/02/2023 23/02/2023 Folleto